[Event "73rd RUS-ch Higher League 2020"]
[Site "Sochi"]
[Date "2020.10.15"]
[Round "7.22"]
[White "Klimentov, Evgeny"]
[Black "Saidov, Bilukhadzh"]
[Result "1-0"]
[WhiteElo "2222"]
[BlackElo "2259"]
[Annotator "TA"]
[PlyCount "47"]
[EventDate "2020.10.08"]
[EventType "swiss"]
[EventCountry "RUS"]
[SourceTitle "playchess.com"]
[Source "ChessBase"]
[SourceQuality "1"]

{[%evp 10,47,32,1,26,22,45,21,25,13,16,19,20,22,27,46,60,50,67,75,495,491,491,198,182,179,186,-75,-51,-59,280,288,555,555,555,555,555,553,535,526]} 1. e4 c5 2. Nf3 Nf6 3. Nc3 d5 4. exd5 Nxd5 5. Bb5+ Bd7 6. Qe2 Nf6 {B29: Sicilian: 2 Nf3 Nf6 (Nimzowitsch Variation).} (6... Nb4 $5 {[%cal Rb4c2]} 7. Bxd7+ Qxd7 $11) 7. d4 cxd4 8. Nxd4 {[#]} e6 $146 {The position is equal.} ({Predecessor:} 8... a6 9. Bd3 Nc6 10. Be3 g6 11. Nxc6 Bxc6 12. O-O Bg7 13. Bc5 Qc7 14. Rfe1 e6 {0-1 (40) Demchenko,A (2641)-Martirosyan,H (2622) chess.com INT 2020}) 9. O-O Be7 10. Bf4 a6 11. Bc4 O-O 12. Rad1 $36 {[%mdl 2048] Black is under pressure.} b5 13. Bb3 Qb6 14. Nf5 Bc5 $2 {[%mdl 8192] [#]} (14... exf5 $16 {is a better chance.} 15. Qxe7 Be6) 15. Nxg7 $1 $18 {[%mdl 512]} e5 (15... Kxg7 16. Be5) 16. Bxe5 (16. Qxe5 $142 Ng4 17. Qe2 Nxf2 18. Rxf2 Bxf2+ 19. Kh1 Kxg7 20. Rd6) 16... Bg4 17. Qd2 Nbd7 {[#]} 18. Qf4 $2 ({Resist} 18. Ne6 $6 Nxe5 19. Qg5+ Ng6 $14) (18. Rde1 $1 $18 {aiming for Qh6.} Nxe5 19. Rxe5 Kxg7 20. Qg5+ Kh8 21. Rxc5) 18... Nxe5 $17 19. Qxe5 {And now Rd3 would win.} Kxg7 $2 {[%mdl 8192]} (19... Bxd1 $15 20. Nf5 {[#]} Bxf2+ $1 {[%mdl 512]} 21. Kh1 Rae8) 20. Nd5 $18 Qe6 $2 (20... Qc6) 21. Qg5+ {White is clearly winning.} Kh8 {...Ne4 is the strong threat.} 22. Nxf6 {[%mdl 64] Discovered Attack} Qf5 23. Qxf5 Bxf5 24. Rd5 {[%mdl 64] Double Attack. Av CentiPawn Loss W=-32/B=-66. Weighted=-28/-90} 1-0

[Event "73rd RUS-ch Higher League 2020"]
[Site "Sochi"]
[Date "2020.10.15"]
[Round "7.23"]
[White "Tugarin, Anton"]
[Black "Pogosyan, Stefan"]
[Result "0-1"]
[WhiteElo "2224"]
[BlackElo "2442"]
[Annotator "TA"]
[PlyCount "96"]
[EventDate "2020.10.08"]
[EventType "swiss"]
[EventCountry "RUS"]
[SourceTitle "playchess.com"]
[Source "ChessBase"]
[SourceQuality "1"]

{[%evp 9,96,-6,0,0,6,18,8,14,38,40,30,36,24,0,0,0,0,-9,14,0,22,0,0,-52,-47,-56,-56,-75,-59,-90,-89,-91,-73,-89,-59,-236,-68,-108,-56,-71,-66,-63,-35,-35,-24,-47,-32,-66,-92,-164,-165,-330,-327,-357,-210,-207,-227,-322,-361,-364,-279,-491,-483,-497,-494,-462,-382,-584,-584,-581,-573,-581,-559,-625,-624,-644,-550,-1243,-1268,-1221,-1207,-1046,-831,-816,-816,-816,-816,-816,-810]} 1. e4 e5 2. f4 exf4 3. Nf3 d6 4. Bc4 Nf6 5. Nc3 c6 6. Bb3 {[#] C34: King's Gambit Accepted: 3 Nf3: 3...Nf6 and 3...d6.} d5 $146 ({Predecessor:} 6... Be7 7. O-O O-O 8. d4 d5 9. e5 Ne4 10. Nxe4 dxe4 11. Ne1 f3 12. gxf3 c5 {½-½ (32) Pieleck,R (1627)-Klebe,D (1496) Remote email 2013}) 7. exd5 cxd5 8. d4 {The position is equal.} Nc6 9. Bxf4 Be7 10. O-O O-O 11. Ne5 Na5 12. Qf3 {[%cal Rc3d5]} Nxb3 13. axb3 Be6 14. h3 a6 15. Qd3 Rc8 16. Ne2 (16. Rae1 $11) 16... Ne4 $15 17. Bh2 f6 18. Nf3 Re8 19. Ng3 Bd6 20. Ne2 Bf5 21. Qd1 Qd7 22. Nf4 $2 ({White should try} 22. c3 $15) 22... Ng5 $2 ({Better is} 22... Bxf4 $1 $19 23. Bxf4 g5) 23. c3 Nxf3+ (23... Re3 $17 24. Ra5 Be4) 24. Qxf3 Be4 25. Qf2 Qb5 26. b4 $1 b6 $36 {[%mdl 2048] White is under pressure.} 27. Nh5 Bf8 28. Bf4 a5 {Black converts the advantage convincingly.} 29. Qg3 (29. bxa5 $17 {might work better.} bxa5 30. Qd2) 29... Bg6 $19 30. Qh4 $2 (30. Qg4) 30... axb4 31. Ra7 bxc3 (31... Qe2 $142 32. Nxf6+ gxf6 33. Qxf6 Be7 34. Qxb6 bxc3 35. bxc3 Rxc3) 32. bxc3 Qe2 ({Worse is} 32... Rxc3 33. Nxg7 $1 {[%mdl 512]} Bxg7 34. Rxg7+ $1 {[%mdl 512]} Kxg7 35. Bh6+ Kg8 36. Qxf6 $16) 33. Nxf6+ (33. Rf3 $142) 33... gxf6 34. Qxf6 Qe6 35. Be5 $2 (35. Qg5) 35... Qxf6 36. Rxf6 Rxc3 37. Rb7 Rc2 38. Rf2 (38. Rfxb6 $142 Rxe5 {[#]} 39. Rxg6+ $1 {[%mdl 512]} hxg6 40. dxe5) 38... Rxf2 {Black is clearly winning.} 39. Kxf2 Bd3 40. g4 b5 {[%cal Bb6b5,Bb5b4,Bb4b3][%mdl 32]} 41. g5 b4 42. h4 Bc2 43. Ke3 b3 44. Kd2 Rc8 45. h5 Rc4 {Hoping for ...Rb4.} 46. Rb8 Kf7 {aiming for ...Bb4+.} 47. g6+ hxg6 48. hxg6+ Kxg6 {Av CentiPawn Loss W=-43/B=-22. Weighted=-51/-24} 0-1

[Event "73rd RUS-ch Higher League 2020"]
[Site "Sochi"]
[Date "2020.10.15"]
[Round "7.24"]
[White "Bimiev, Ahmad"]
[Black "Rodin, Dmitrij"]
[Result "1/2-1/2"]
[WhiteElo "2252"]
[BlackElo "2388"]
[Annotator "TA"]
[PlyCount "109"]
[EventDate "2020.10.08"]
[EventType "swiss"]
[EventCountry "RUS"]
[SourceTitle "playchess.com"]
[Source "ChessBase"]
[SourceQuality "1"]

{[%evp 9,109,17,22,15,20,20,15,-21,-3,-22,0,-9,-4,-28,-8,-29,-24,-47,-44,-46,-45,-38,0,8,18,15,15,17,20,21,21,0,8,15,41,26,29,30,50,66,84,34,110,62,133,146,152,114,164,147,175,181,220,213,252,237,308,252,303,218,256,262,333,337,338,337,314,164,108,128,626,610,608,598,701,764,814,830,1397,1394,2224,1956,5712,1095,1090,946,940,672,885,869,725,580,479,222,214,290,237,0,0,0,204,0]} 1. c4 Nf6 2. g3 e6 3. Bg2 d5 4. Nf3 d4 5. e3 c5 6. exd4 {A13: English Opening: 1...e6.} cxd4 7. O-O Nc6 8. Re1 {The position is equal.} Bd6 9. d3 O-O $1 {9...0-0 is better than 9...h6.} 10. Nbd2 h6 11. a3 a5 12. Qc2 e5 13. c5 Bc7 14. Nc4 {[%cal Rc4e5]} Re8 15. Bd2 Bf5 16. Nh4 $36 {[%mdl 2048] White has good play.} Bh7 17. b4 $1 {[%cal Rb4b5]} axb4 18. axb4 {Black must now prevent b5.} Rxa1 19. Rxa1 e4 20. b5 Ne5 {[#]} 21. Nxe5 $146 ({Predecessor:} 21. b6 Bb8 22. dxe4 d3 23. Qc3 Bxe4 24. Ra8 Bxg2 25. Nxe5 Bh3 26. Qxd3 Qe7 27. Nef3 Qxc5 {0-1 (39) Lerch,P (2314)-Horvath,J (2532) Germany 2015}) 21... Bxe5 22. f4 Bb8 23. f5 {[%cal Rd3e4]} e3 24. Be1 Qe7 25. Bf3 h5 (25... Nd7 $1 $14) 26. Ra4 Nd7 (26... e2 $14) 27. c6 Ne5 28. Be4 (28. Bxh5 bxc6 29. bxc6 Qd6 $11) 28... bxc6 29. bxc6 Bc7 30. Rxd4 Qg5 31. Rb4 Ng4 32. Rb7 Qd8 33. Bc3 Nf2 34. Bf3 Nh3+ 35. Kg2 Ng5 36. Be4 $1 (36. Bxh5 Bxf5 37. Rxc7 (37. Nxf5 {is a self mate.} Qd5+ {[%mdl 64] Double Attack} 38. Kf1 e2+ 39. Kf2 Nh3+ 40. Ke1 Qh1+ {[%mdl 64] Double Attack} 41. Kd2 e1=Q#) 37... Qxc7 $19) 36... Qd6 37. Bb4 Qd8 38. Nf3 (38. Qc4 $142) 38... Nxf3 $18 39. Kxf3 {Threatens to win with Ke2.} Qf6 $2 {[%mdl 8192]} (39... e2 $16) 40. Rxc7 Bxf5 41. Kxe3 ({And not} 41. Kg2 Rxe4 42. dxe4 Bg4 $11) 41... h4 42. Qf2 hxg3 43. hxg3 g6 {[#]} 44. g4 $1 Qe5 (44... Bxg4 45. Qxf6) 45. Qf4 Qb2 46. Bd2 Qb6+ 47. Ke2 Bxg4+ 48. Qxg4 {Threatening mate with Rc8.} Qxc7 {[#]} 49. Qd7 $1 Qh2+ 50. Kd1 Qh5+ 51. Kc2 (51. Ke1 $142 Qh4+ 52. Ke2) 51... Qc5+ {[#]} 52. Bc3 $1 Qf2+ 53. Bd2 Qc5+ 54. Bc3 Qf2+ {[#]} 55. Bd2 $2 {Av CentiPawn Loss W=-51/B=-79. Weighted=-68/-84} ({White should try} 55. Kd1 $1 $18 Rb8 56. d4 Qf1+ 57. Kd2 Qf4+ 58. Kd3 Qf1+ 59. Ke3 Qc1+ 60. Bd2 Qg1+ 61. Ke2 Qh2+ 62. Kd1 Qh5+ 63. Kc2) 1/2-1/2

[Event "73rd RUS-ch Higher League 2020"]
[Site "Sochi"]
[Date "2020.10.15"]
[Round "7.25"]
[White "Nazaretyan, Tigran"]
[Black "Sergeyev, Alexander"]
[Result "1-0"]
[WhiteElo "2308"]
[BlackElo "2374"]
[Annotator "TA"]
[PlyCount "67"]
[EventDate "2020.10.08"]
[EventType "swiss"]
[EventCountry "RUS"]
[SourceTitle "playchess.com"]
[Source "ChessBase"]
[SourceQuality "1"]

{[%evp 16,67,57,31,40,47,48,53,111,2,-6,0,24,29,35,-22,0,0,39,27,79,71,222,219,222,222,215,164,330,340,427,450,453,475,482,452,479,478,465,458,490,486,600,592,786,767,773,688,1195,1179,29983,10004,6713,2939]} 1. d4 d5 2. c4 c6 3. Nf3 Nf6 4. Nc3 dxc4 5. a4 Bg4 6. Ne5 Bh5 7. f3 Nfd7 8. Nxc4 e5 9. Be3 Bb4 {D16: Slav Defence: 5 a4: Lines with 5...Bg4 and 5...Na6.} 10. g4 Bg6 11. dxe5 O-O {[#]} (11... Na6 $14) 12. Bf4 $146 (12. h4 $1 $16 {[%cal Rh4h5]} h5 13. gxh5 Bxh5 14. Qd4) ({Predecessor:} 12. h4 h6 13. g5 Qe7 14. gxh6 b5 15. axb5 cxb5 16. h5 Bh7 17. Bg2 Rd8 18. f4 bxc4 {0-1 (40) Novikov,I (2588)-Gonzalez,R (2428) San Diego 2004}) 12... Qe7 13. e4 Rd8 14. Qc2 $1 $36 {[%mdl 2048] White is pushing.} b5 15. Ne3 (15. axb5 $14 cxb5 16. Ne3 Nxe5 17. Kf2) 15... Nxe5 16. Be2 $1 Nbd7 (16... Bd6 $5 {[%cal Re5f3]} 17. O-O-O Na6 $11) 17. axb5 Nc5 (17... Qf6 $11 18. Ng2 cxb5) 18. O-O $16 {aiming for bxc6.} Ned3 $2 {[#] Loses the game.} (18... Ne6 $16 19. Bxe5 Qc5) 19. Bg3 $1 $18 Bxc3 20. bxc3 cxb5 21. Rfd1 {[%cal Re2d3]} Ne5 $2 (21... Qf6 {was worth a try.} 22. Bxd3 Nxd3) 22. Nd5 Qb7 23. Bxe5 Rxd5 24. Rxd5 Qxd5 25. exd5 Bxc2 26. Bxb5 a5 27. Bc7 a4 28. c4 {[%cal Bc3c4,Bc4c5][%mdl 32]} f6 29. Bb6 Nd3 30. d6 Ne5 31. d7 Nf7 32. c5 Rb8 33. Bc4 Bb3 34. Bxf7+ {Av CentiPawn Loss W=-93/B=34. Weighted=-109/-21} 1-0

[Event "73rd RUS-ch Higher League 2020"]
[Site "Sochi"]
[Date "2020.10.16"]
[Round "8.1"]
[White "Artemiev, Vladislav"]
[Black "Chigaev, Maksim"]
[Result "1/2-1/2"]
[WhiteElo "2716"]
[BlackElo "2598"]
[Annotator "TA"]
[PlyCount "80"]
[EventDate "2020.10.08"]
[EventType "swiss"]
[EventCountry "RUS"]
[SourceTitle "playchess.com"]
[Source "ChessBase"]
[SourceQuality "1"]

{[%evp 15,80,12,31,27,26,19,24,20,22,22,29,36,35,0,29,24,27,0,0,0,0,0,28,26,25,25,25,22,22,22,22,0,12,12,12,12,12,12,13,14,21,21,19,19,18,16,25,9,19,0,0,0,0,-71,-71,-71,-71,-71,-8,-8,-8,-71,-71,-87,0,0,0]} 1. c4 g6 2. Nc3 Bg7 3. g3 e5 4. Bg2 Nc6 5. e3 d6 6. Nge2 h5 7. h4 Nge7 8. d3 Bg4 9. b4 {9.Qd2 is a critical line. A25: English Opening vs King's Indian with ...Nc6 but without early d3.} a6 10. Rb1 O-O {[#]} 11. a4 $146 {[%cal Ba2a4,Ba4b5][%mdl 32] White has an edge.} ({Predecessor:} 11. Bd2 Qc8 12. Nd5 Nxd5 13. cxd5 Ne7 14. O-O c6 15. dxc6 bxc6 16. a4 Qd7 17. b5 axb5 18. axb5 {0-1 (36) Skovgaard,P (2235)-Hansen,C (2625) Copenhagen 2006}) 11... Qd7 12. b5 axb5 13. axb5 Nd8 14. Qb3 Ra5 15. Ba3 b6 16. Kd2 Ra7 17. Ra1 Nb7 18. Bb4 Nc5 (18... Rfa8 {looks sharper.} 19. Ra6 c5 20. Qa4 cxb4 21. Rxa7 bxc3+ 22. Nxc3 Rxa7 23. Qxa7 d5) 19. Bxc5 $1 Rxa1 20. Rxa1 {Threatens to win with Bb4.} dxc5 21. Ra8 Rxa8 22. Bxa8 Be6 23. Qa4 Qd8 24. Bb7 f5 25. Qa8 Qxa8 26. Bxa8 Kf8 27. Ng1 Bf6 28. Nf3 Kg7 29. Ng5 Bg8 30. Bb7 Kh6 31. f4 Kg7 32. Nf3 e4 $1 {[%cal Re4f3]} 33. Ne5 exd3 34. Kxd3 (34. Bd5 $11) 34... Bxe5 $1 $17 35. fxe5 $11 {[%mdl 4096] Endgame [#] KBN-KBN} g5 $1 {[%mdl 512]} 36. Bd5 (36. hxg5 Ng6) 36... gxh4 (36... Ng6 $17 37. e6 gxh4 38. gxh4 Ne5+ 39. Kc2 Kf6) 37. gxh4 Ng6 {[%mdl 64] Double Attack} 38. e6 (38. Bxg8 $11 {remains equal.} Nxe5+ 39. Ke2 Kxg8 40. Nd5) 38... Kf6 $17 ({Of course not} 38... Nxh4 $6 39. e7 $16) 39. e7 Nxe7 ({Better is} 39... Ne5+ $17 40. Kc2 Bf7) 40. Bxg8 $11 Nxg8 {Av CentiPawn Loss W=-9/B=-8. Weighted=-7/-8} 1/2-1/2

[Event "73rd RUS-ch Higher League 2020"]
[Site "Sochi"]
[Date "2020.10.16"]
[Round "8.2"]
[White "Goganov, Aleksey"]
[Black "Antipov, Mikhail Al."]
[Result "1/2-1/2"]
[WhiteElo "2573"]
[BlackElo "2591"]
[Annotator "TA"]
[PlyCount "37"]
[EventDate "2020.10.08"]
[EventType "swiss"]
[EventCountry "RUS"]
[SourceTitle "playchess.com"]
[Source "ChessBase"]
[SourceQuality "1"]

{[%evp 21,37,22,22,35,32,26,33,18,28,0,0,6,16,0,0,0,41,0]} 1. e4 c5 2. Nf3 d6 3. d4 cxd4 4. Nxd4 Nf6 5. f3 e5 6. Nb3 d5 7. Bg5 Be6 8. Bxf6 gxf6 9. exd5 Qxd5 10. Qxd5 Bxd5 11. Nc3 {[%cal Bb1c3,Bc3d5,Bd5f6][%mdl 32]} Be6 $1 12. O-O-O {B55: Sicilian: 2...d6 3 d4 cxd4 4 Nxd4 Nf6 5 f3.} Nc6 13. Bb5 Rc8 14. Nd5 f5 15. Nf6+ Ke7 16. Nd5+ Ke8 {[#]} 17. Nf6+ $146 ({Predecessor:} 17. Ba4 Bh6+ 18. Kb1 Kf8 19. Nc5 Nd4 20. Nxe6+ fxe6 21. Nf6 Ke7 22. Nd7 Rhd8 23. Nxe5 Bg7 24. f4 Bxe5 25. fxe5 {0-1 (47) Smeets,J (2585)-Keymer,V (2527) Wijk aan Zee 2020}) 17... Ke7 18. Nd5+ Ke8 19. Nf6+ 1/2-1/2

[Event "73rd RUS-ch Higher League 2020"]
[Site "Sochi"]
[Date "2020.10.16"]
[Round "8.3"]
[White "Rakhmanov, Aleksandr"]
[Black "Fedoseev, Vladimir"]
[Result "1/2-1/2"]
[WhiteElo "2646"]
[BlackElo "2674"]
[Annotator "TA"]
[PlyCount "81"]
[EventDate "2020.10.08"]
[EventType "swiss"]
[EventCountry "RUS"]
[SourceTitle "playchess.com"]
[Source "ChessBase"]
[SourceQuality "1"]

{[%evp 9,81,16,20,22,13,-8,0,0,0,8,8,-7,-10,-7,-6,-21,-19,-26,-24,-18,-18,-18,-15,-14,-19,-23,-19,-11,0,-12,-12,-14,-3,-22,-15,-15,-18,-24,-29,-33,0,-7,0,-18,0,0,0,0,0,-8,-8,-8,0,0,0,0,0,0,0,0,0,0,0,0,0,0,0,0,0,0,0,0,0,0]} 1. Nf3 Nf6 2. g3 g6 3. b3 Bg7 4. Bb2 d6 5. d4 b5 6. Qd3 {A49: 1 d4 Nf6 2 Nf3 g6 3 g3: Anti-King's Indian systems.} a6 7. e4 Bb7 8. Nbd2 $1 {[#]} O-O $146 ({Predecessor:} 8... Nbd7 9. Bg2 c5 10. c3 O-O 11. O-O e5 12. Rad1 Qc7 13. Rfe1 Rfe8 14. dxe5 dxe5 {1-0 (38) Blatny,P (2476)-Czebe,A (2414) Budapest 1999}) 9. Bg2 c5 10. dxc5 dxc5 11. Qe2 Nc6 12. e5 Nd7 {...Ndxe5! is the strong threat.} 13. O-O Ncxe5 14. Nxe5 Bxg2 15. Kxg2 {[#] Strongly threatening Nc6.} Nxe5 16. Bxe5 Bxe5 17. Qxe5 {aiming for Ne4.} Qxd2 18. Qxe7 Rac8 19. c4 bxc4 20. bxc4 Qd4 21. Rac1 Qb2 22. Ra1 Rfe8 23. Qd6 Re6 24. Qd5 Re2 25. Rab1 $132 {[%mdl 2048] White is not holding back. The position is equal.} Qf6 26. a3 h5 27. Rbe1 Rc2 28. Re4 Qc6 29. Rfe1 (29. Rd1 {is interesting.} Rc3 30. Rf4 Qxd5+ 31. cxd5 Rxa3 32. Rf6) 29... Qxd5 30. cxd5 $11 {[%mdl 4096] Endgame KRR-KRR} Kf8 31. Ra4 Rd8 32. Rxa6 Rxd5 33. Re3 Kg7 34. h4 c4 35. Rc6 Rf5 36. Rf3 Rxf3 37. Kxf3 Rc3+ 38. Ke2 Rxa3 39. Rxc4 Ra2+ 40. Kf3 Ra3+ 41. Ke4 {An uneventful encounter. Av CentiPawn Loss W=-3/B=-2. Weighted=-2/-2} 1/2-1/2

[Event "73rd RUS-ch Higher League 2020"]
[Site "Sochi"]
[Date "2020.10.16"]
[Round "8.4"]
[White "Esipenko, Andrey"]
[Black "Pridorozhni, Aleksei"]
[Result "1-0"]
[WhiteElo "2682"]
[BlackElo "2596"]
[Annotator "TA"]
[PlyCount "73"]
[EventDate "2020.10.08"]
[EventType "swiss"]
[EventCountry "RUS"]
[SourceTitle "playchess.com"]
[Source "ChessBase"]
[SourceQuality "1"]

{[%evp 9,73,7,8,8,14,7,41,44,44,42,35,35,51,50,77,74,75,77,130,90,94,72,95,69,79,92,120,125,117,118,163,164,265,294,277,199,261,187,176,170,184,175,289,297,294,274,296,267,277,223,267,273,450,340,504,315,684,678,639,642,642,611,1078,464,602,594]} 1. e4 e5 2. Nf3 Nc6 3. Bb5 Nf6 4. d3 Bc5 5. Bg5 h6 6. Bh4 {C65: Ruy Lopez: Berlin Defence (3...Nf6), unusual lines and 4 0-0 Bc5.} d6 7. Nc3 a6 8. Bxc6+ $1 {White is slightly better.} bxc6 9. d4 exd4 10. Nxd4 Bd7 11. Qd3 g5 12. Bg3 Nh5 {[#]} 13. O-O-O $146 ({Predecessor:} 13. Nb3 Bb6 14. O-O-O Be6 15. h3 Qf6 16. e5 dxe5 17. Qe4 Nxg3 18. Qxc6+ Kf8 19. fxg3 {1-0 (57) Noa,J-Schallopp,E Frankfurt 1887}) 13... Nf4 (13... O-O $142) 14. Qd2 Ng6 15. f3 Qe7 16. Bf2 a5 17. g3 Ne5 18. f4 Ng4 19. Bg1 gxf4 20. gxf4 h5 (20... Bb4 {was worth a try.}) 21. h3 $18 Nh6 22. Qd3 Rg8 (22... f6 $142 23. a3 Rg8) 23. Nde2 Bxg1 24. Rhxg1 Rxg1 25. Rxg1 ({Resist} 25. Nxg1 Qh4 $16) 25... Qf6 (25... Qh4 $142 26. f5 O-O-O 27. Qa6+ Kb8) 26. Rg5 h4 27. e5 Qe6 28. Rh5 Ng8 29. Rxh4 dxe5 30. fxe5 Qe7 $2 {[#]} (30... Qf5 31. Qxf5 Bxf5) 31. Rh5 Be6 (31... Qb4 $142 32. a3 Qb6) 32. Nf4 Qc5 $2 (32... Qd7 33. Nxe6 fxe6 34. Qxd7+ Kxd7 35. Rh7+ Ne7) 33. Rg5 {White is clearly winning.} Ke7 34. Nxe6 Kxe6 35. Qf3 Rd8 36. Qf5+ Ke7 {[#] ( -> ...Qe3+)} 37. Qf6+ $1 {[%mdl 512] Av CentiPawn Loss W=-35/B=-59. Weighted=-47/-74} 1-0

[Event "73rd RUS-ch Higher League 2020"]
[Site "Sochi"]
[Date "2020.10.16"]
[Round "8.5"]
[White "Alekseev, Evgeny"]
[Black "Riazantsev, Alexander"]
[Result "1/2-1/2"]
[WhiteElo "2626"]
[BlackElo "2638"]
[Annotator "TA"]
[PlyCount "107"]
[EventDate "2020.10.08"]
[EventType "swiss"]
[EventCountry "RUS"]
[SourceTitle "playchess.com"]
[Source "ChessBase"]
[SourceQuality "1"]

{[%evp 9,107,29,32,13,19,22,21,-16,-4,-13,26,-44,-7,-20,-22,-34,-25,-27,17,19,19,0,6,-5,5,0,10,0,6,6,23,15,24,21,29,-2,0,0,0,-16,-3,-23,-21,-23,-23,-22,-18,-25,-21,-31,-10,-22,-23,-29,-14,-20,0,-5,-11,-25,0,-16,-18,-14,-20,-17,4,-22,-25,-22,-25,-25,-28,-19,-16,-25,-22,-53,-39,-107,-66,-85,-53,-63,0,0,0,-82,0,0,0,0,0,0,0,0,0,0,0,0]} 1. e4 e5 2. Nf3 Nc6 3. Bc4 Nf6 4. d3 h6 5. O-O d6 6. a3 {C55: Two Knights: 4 d3, 4 d4 exd4 5 e5 and Max Lange Attack.} g5 {[#]} 7. Nc3 $146 ({Predecessor:} 7. Be3 Bg7 8. Nc3 O-O 9. h3 Be6 10. Bxe6 fxe6 11. Ne2 Nh5 12. Nh2 Qe8 13. c3 Nf4 {½-½ (38) Alekseev,E (2623)-Asadli,V (2513) Budva 2019}) 7... Bg7 8. Ba2 Bg4 9. Be3 Qd7 10. Ne2 (10. h3 $11 Be6 11. Re1) 10... Nh5 (10... Bxf3 $5 11. gxf3 Qh3 $11) 11. Ne1 Nf4 12. f3 Be6 13. Bxe6 Nxe2+ (13... fxe6 {with more complications.} 14. Bf2 h5 15. c3 h4 16. Nc2 O-O-O) 14. Qxe2 Qxe6 15. c4 f5 16. exf5 Qxf5 17. Nc2 O-O 18. Bf2 Qd7 19. Rae1 Kh8 20. Qd1 d5 21. cxd5 Qxd5 22. Re4 Rad8 23. Ne1 Rd7 24. Be3 Ne7 {[%cal Bc6e7,Be7f5,Bf5d6][%mdl 32]} 25. Qa4 a6 26. Rf2 Nf5 27. Bd2 c6 28. Qd1 Nd6 29. Ree2 c5 30. Qc1 Rc8 31. Qb1 b5 32. Bc3 Re8 33. Rd2 Nf5 34. Rde2 Nd6 35. Rd2 Rb8 {[#] aiming for ...b4.} 36. Nc2 Nf5 37. Rde2 Re7 ({Avoid the trap} 37... Qxd3 $2 38. Rd2 $18) 38. Ne3 Nxe3 39. Rxe3 b4 $36 {[%mdl 2048] Black is more active.} 40. axb4 cxb4 41. Be1 Rc7 {White should prevent ...Rbc8.} 42. Re4 Rbc8 {[#] Strongly threatening ...Rc1.} 43. Qd1 Rc1 44. Qe2 (44. Qa4 $15) 44... b3 $17 45. h4 R8c2 46. Qe3 Rxf2 (46... Qc5 $1 $15 47. Qxc5 Rxc5) 47. Qxc1 Rc2 48. Qa1 (48. Qe3 $11 {remains equal.}) 48... Qxd3 (48... gxh4 $17 {White must now prevent ...h3.} 49. Bxh4 Qxd3) 49. hxg5 $11 {The position is equal.} hxg5 50. Qa4 Re2 51. Qe8+ Kh7 52. Qh5+ Kg8 53. Qe8+ Kh7 54. Qh5+ {Av CentiPawn Loss W=-11/B=-11. Weighted=-12/-13} 1/2-1/2

[Event "73rd RUS-ch Higher League 2020"]
[Site "Sochi"]
[Date "2020.10.16"]
[Round "8.7"]
[White "Yuffa, Daniil"]
[Black "Sakaev, Konstantin"]
[Result "0-1"]
[WhiteElo "2583"]
[BlackElo "2596"]
[Annotator "TA"]
[PlyCount "100"]
[EventDate "2020.10.08"]
[EventType "swiss"]
[EventCountry "RUS"]
[SourceTitle "playchess.com"]
[Source "ChessBase"]
[SourceQuality "1"]

{[%evp 24,100,29,0,0,0,0,18,2,0,0,-7,0,-29,-28,-25,-29,-44,-11,-58,-73,-53,-59,-95,-75,-133,-102,-124,-131,-159,-166,-157,-156,-158,-152,-166,-163,-370,-416,-687,-701,-756,-407,-411,-419,-360,-397,-391,-370,-435,-384,-551,-504,-993,-917,-847,-846,-838,-839,-792,-778,-1191,-1168,-1270,-604,-799,-504,-1439,-1276,-11141,-10225,-6001,-6001,-3555,-2671,-29975,-29976,-29974,-29971]} 1. e4 c5 2. Nf3 d6 3. d4 cxd4 4. Nxd4 Nf6 5. Nc3 a6 6. f3 e5 7. Nb3 Be6 8. Be3 h5 9. Nd5 Bxd5 10. exd5 Nbd7 11. Qd2 Be7 12. O-O-O Qc7 13. Kb1 Nb6 {B90: Sicilian Najdorf: Unusual White 6th moves, 6 Be3 Ng4 and 6 Be3 e5.} 14. Qa5 Rc8 15. c3 Bd8 {The position is equal.} 16. Bxb6 Qxb6 17. Qa4+ Kf8 18. g3 g6 19. f4 exf4 {[#]} 20. gxf4 $146 ({Predecessor:} 20. Qxf4 Kg7 21. Bg2 Re8 22. Rhe1 Rxe1 23. Rxe1 Rc7 24. Bf3 Qf2 25. Re2 Qf1+ 26. Kc2 {½-½ (51) Pellegrinon,F (2187)-Pereira,E (2278) ICCF email 2017}) 20... Rc7 21. h4 Ng4 22. Re1 Re7 $36 {[%mdl 2048] Black has the initiative.} 23. Be2 Qf2 24. Nc1 (24. Nd4 $142) 24... Qg2 25. f5 gxf5 26. Bd3 Rxe1 27. Rxe1 {[#] aiming for Re8+.} Bxh4 ({Not} 27... Qxd5 $2 28. Re8+ Kg7 29. Rxh8 $18) 28. Re8+ Kg7 {And now ...b5 would win.} 29. Rxh8 Kxh8 30. Bxf5 $2 {[#]} (30. Qf4) 30... Bg5 $1 $19 {[%cal Rg5c1] Threatens to win with ...Bxc1.} 31. Qd4+ (31. Bc2 $142 Nf6 32. Bd1) 31... Kg8 {Strongly threatening ...Qf1!} 32. Bc2 Qf1 {[%csl Gg5][%cal Rf1c1]} 33. Qd1 Qxd1 34. Bxd1 Bxc1 35. Kxc1 {[%mdl 4096] Endgame KB-KN} Kg7 36. b4 Kf6 37. a4 (37. c4 $142 Ke5 38. Kd2) 37... Ke5 38. a5 (38. c4 $142 f5 39. Bf3) 38... Nf6 39. Bf3 h4 40. Kd2 Nxd5 41. Ke1 b5 42. axb6 Nxb6 43. Bb7 Nd5 44. Bxa6 Nxc3 {Hoping for ...h3.} 45. b5 (45. Bf1 $142 Ne4 46. b5) 45... Kd5 46. b6 Kc6 47. b7 Kc7 48. Kf2 Ne4+ 49. Kf3 h3 50. Bb5 Kxb7 {White did not feel at home in the position after the opening. Av CentiPawn Loss W=48/B=-91. Weighted=-15/-86} 0-1